| 000 | 00991nam a2200229Ia 4500 | ||
|---|---|---|---|
| 001 | 9040 | ||
| 003 | GE_BSU | ||
| 008 | 181216s||||||||xx |||||||||||||| ||und|| | ||
| 040 | _cGE_BSU | ||
| 080 | _a821.353.1-4+94(47+57)''1941-1945''(093.3) | ||
| 100 | _aკობერიძე,ასტიონ | ||
| 245 | _aასე ვიბრძოდით | ||
| 245 | _bსამამულო ომის მონაწილის ავტობიოგრ.მხატვ.ნარკვევი | ||
| 245 | _cრედ.კ.ბობოხიძე.მხატვ.ო.ჯიშკარიანი | ||
| 260 | _aთბილისი | ||
| 260 | _bსაბჭოთა საქართველო | ||
| 260 | _c1964 | ||
| 300 | _a145გვ.ილ.21სმ. | ||
| 653 | _aასე ვიბრძოდით | ||
| 653 | _aსამამულო ომის მონაწილის ავტობიოგრ.მხატვ.ნარკვევი | ||
| 942 | _cBK | ||
| 999 |
_c42344 _d42344 |
||